00877nam a22002172a 450000100060000000300080000600500170001400800410003103500190007204000320009104100110012308200240013410000320015824502330019025000640042326000260048730000280051350400280054165000460056970000440061576786BD-RjUL20220203124528.0200120s1971 enk b 001 0 eng d a(BD-RjUL)77010 aDLCcDLCdEQOdBD-RjULbeng1 aengfre 223a820.9bLEH 19711 aLegouis, Emile,d1861-1937.12aA history of English literature:bThe Middle Ages and the Renascence (650-1660) /cby Emile Legouis, translated from the French by Helen Douglas Irvine; Modern times (1660-1970) by Louis Cazamian and Raymond Las Vergnas (Book 8) aRev. ed.bBibliographies by Donald Davie and Pierre Legouis aLondon :bDent,c1971 axxiii, 1488 p.;c20 cm. aIncludes bibliographies 0aEnglish literaturexHistory and criticism1 aCazamian, Louis François,d1877-1965.